III Conferencia ministerial de la comunidad de democracias: cooperando para la democracia
Guardat en:
| Autor corporatiu: | |
|---|---|
| Format: | Llibre |
| Idioma: | espanyol |
| Publicat: |
Santiago
Gobierno de Chile
2005
|
| Matèries: | |
| Etiquetes: |
Afegir etiqueta
Sense etiquetes, Sigues el primer a etiquetar aquest registre!
|
MARC
| LEADER | 00000nam a2200000 a 4500 | ||
|---|---|---|---|
| 001 | UCK8864 | ||
| 003 | CL-VaPUC | ||
| 005 | 20211019074335.0 | ||
| 008 | 060407e20050000cl 1 spa d | ||
| 082 | 0 | 4 | |a 321.8 |b GOB |2 21 |
| 110 | 2 | |a Gobierno de Chile |e author |9 620850 | |
| 245 | 1 | 0 | |a III Conferencia ministerial de la comunidad de democracias: cooperando para la democracia |
| 260 | |a Santiago |b Gobierno de Chile |c 2005 | ||
| 300 | |a 227 p | ||
| 583 | |a last modification |c 20060407 00:00:00 |k Rodrigo Vera | ||
| 650 | 0 | 0 | |a Democracia |9 255256 |
| 650 | 0 | 0 | |a Cooperación internacional |9 255447 |
| 650 | 0 | 0 | |a Países en desarrollo |9 259663 |
| 650 | 0 | 0 | |a Tratados internacionales |9 256056 |
| 650 | 0 | 0 | |a Problemas sociales |9 258537 |
| 942 | |c BK | ||
| 945 | |a cmena |d 20060407 00:00:00 | ||
| 546 | |a En Español | ||
| 536 | |a Ministerio de Relaciones Exteriores | ||
| 518 | |p Conferencia Ministerial de la Comunidad de Democracias, 3, Santiago de Chile, 28 al 30 de abril de 2005 | ||
| 999 | |c 384180 |d 384178 | ||
| 952 | |0 0 |1 0 |4 0 |6 321_800000000000000_GOB_2005 |7 0 |8 A |9 506779 |a BIBHIS |b BIBHIS |d 2020-01-23 |i 4184521 |o 321.8 GOB 2005 |p 4184521 |r 2025-01-20 |w 2020-01-23 |y BK |k HIS | ||